000 00331nam a2200133Ia 4500
005 20260326235441.0
008 260326s9999||||xx |||||||||||||| ||und||
100 _aIshizawa, Masao
245 0 _aPageant of Japanese art :
_b Sculpture /
_cMasao Ishizawa
260 _bToto Shuppan
300 _a169 p.
650 _aARTE
942 _cBK
999 _c7424
_d7424